| 000 | 00517nam a2200157 a 4500 | ||
|---|---|---|---|
| 001 | 000036237 | ||
| 005 | 20200930075629.0 | ||
| 008 | 120111s19uu xxu 000 0 spa d | ||
| 040 |
_aDO-SdBNP _bspa _cBNPHU |
||
| 082 |
_axxxx _bM654e |
||
| 100 | 1 |
_aMilligan, William _962318 |
|
| 245 | 1 | 0 |
_aElias : _bsu vida y sus tiempos / _cWilliam Milligan ; traductor Sara A. Hale. |
| 260 |
_aEl Paso, Texas, E. U., : _bCasa Bautista de Publicaciones, _c[19--?]. |
||
| 300 |
_a273 p. ; _c19 cm. |
||
| 700 | 1 | 2 |
_aHale, Sara A., _etr. _94421 |
| 999 |
_c35728 _d35728 |
||